[Event "Euwe Intern 2005/2006"]
[Site "?"]
[Date "2006.04.06"]
[Round "3.6"]
[White "Overeem, Marc"]
[Black "Witt, Rob"]
[Result "0-1"]
[WhiteElo "2159"]
[BlackElo "2247"]
[Annotator "Witt,Rob"]
[PlyCount "78"]
[EventDate "2006.01.13"]

1. c4 c5 {Na 5' nadenken om te bepalen in welk speltype ik zin heb. Ik speel
eigenlijk alles tegen 1.c4 zonder al teveel kennis van zaken.} 2. Nc3 Nc6 3. g3
g6 4. Bg2 Bg7 5. a3 {Eén van de 13(!) zetten die in deze stelling gespeeld
zijn. NiC-yearbook 67 heeft er twee interessante artikelen aan gewijd.} (5. e4
{is een favoriet van Daan Zult.}) 5... a6 {En ook zwart heeft hier een ruime
keus. Interessant is} (5... e6 {wat ik tot nu toe altijd gespeeld heb.} 6. b4 (
{Rustig} 6. Rb1 {kan natuurlijk ook.}) 6... Nxb4 $1 {Hiermee verrastte
Barendregt in 1969 Robert Byrne.} 7. axb4 cxb4 {en nu speelde Byrne het
superscherpe} 8. Nb5 $5 ({Of positioneel} 8. d4 bxc3 9. e3 Ne7 10. Ne2 {
en wit heeft compensatie voor de pion.}) 8... Bxa1 9. Qa4 {Byrne verloor, maar
bijv. Hodgson heeft het later met succes gespeeld.}) 6. Rb1 Rb8 7. b4 ({
Een interessante poging om de symmetrie te doorbreken is} 7. Qa4 {Seirawan
speelde dat vroeger vaak, maar hij heeft het volgens mij opgegeven na een
nederlaag tegen Timman in het Kandidatentoernooi van Montpellier 1985.} d6 $5 (
{een andere goede zet is} 7... Nd4) 8. b4 ({of} 8. Bxc6+ bxc6 9. Qxc6+ Kf8 10.
Qa4 Bxc3 11. dxc3 Bf5 12. Ra1 Qc8 13. f3 h5 {met goede compensatie voor zwart
in Svidler-Ftacnik, Amsterdam 1988 (44.0-1)}) 8... Bf5 9. Bxc6+ bxc6 10. Qxc6+
Bd7 11. Qxa6 (11. Qg2 cxb4 12. axb4 Qc7 $17) 11... Bxc3 12. dxc3 Nf6 13. Nf3 (
13. Bh6 $5) 13... Ra8 14. Qb7 Rb8 15. Qa6 O-O $13 {Seirawan-Timman,
Montpellier 1985/Candidates (30.0-1)}) 7... cxb4 8. axb4 b5 9. cxb5 axb5 {
Ik speel deze symmetrische variant voor het eerst omdat ik nog niet zo lang
geleden een interessante partij hiermee bekeken had. Ik wist echter niet meer
welke partij, hoe die verder ging en waar ik hem gezien had. Naderhand maakte
Paul Janse mij attent op het hoofdstuk "Zugzwang Lite" in Rowson's Chess for
Zebras, blz 230 (Altijd maar weer dat boek). Daar wordt zeer uitgebreid en op
instructieve wijze de partij Hodgson-Arkell besproken met deze variant. Deze
stelling krijgt een diagram in het boek. Rowson merkt op dat zwart niet beter
staat, misschien zelfs niet helemaal gelijk. Maar beide spelers willen d4 (d5)
en Lf4 (Lf5) spelen. Maar wit moet eerst met als gevolg dat zwart het eerste
d5 kan spelen. Zwart zegt als het ware: "Ik kopieer al jouw goede zetten en ik
wijk af zodra ik een betere zet zie".} 10. Nf3 {5'} d5 {15' Ik was hier uit
mijn theorie en de tekstzet leek me het meest logisch. Ik had hier dus 10'
kunnen besparen als ik Rowson serieus bestudeerd had. Mijn oude theorieboek
van Watson uit 1980 beveelt d6 aan.} (10... d6 11. d4 Bg4 {Dat ziet er niet
slecht uit, maar ik zie maar 4 partijen in mijn database terwijl d5, e5 of Pf6
ieder bijna 50x gespeeld is.}) 11. Qb3 {24' Kennelijk was Marc hier ook uit
zijn theorie gezien zijn tijdverbruik. Hij had dus bijna 20' kunnen besparen
als hij Rowson serieus bestudeerd had. Ik had Db3 wel verwacht maar
gebruikelijker blijktdus} (11. d4 {waarna zwart verschillende mogelijkheden
heeft.} Bf5 ({of} 11... e6 $6 12. Bf4 Rb6 13. e4 $1 Nf6 (13... Nge7) 14. e5 Ne4
(14... Nd7) 15. Nxe4 dxe4 16. Nd2 O-O 17. Be3 (17. Nxe4 $5) 17... f5 18. exf6
Bxf6 19. Nxe4 Bxd4 20. O-O e5 21. Bg5 Ne7 22. Rc1 Bb7 23. Qc2 Rf7 24. Qd2 Qa8
25. Qd3 Nd5 26. Qb3 Nc3 27. Rxc3 Bxc3 28. Nf6+ Rbxf6 29. Bxb7 Qxb7 30. Bxf6 Qf3
31. Qe6 Qxf6 {1/2-1/2 Kasparov-Kramnik, Rapidmatch New York 1995}) ({of} 11...
Bg4 $5 12. Bf4 Bxf3 $1 13. Bxf3 Nxd4 14. Nxd5 (14. Bxb8 $4 Nxf3+ 15. exf3 Bxc3+
) 14... Rc8 15. Be3 Rc4 16. O-O e6 17. Nf4 Ne7 18. Bxd4 Rxd4 19. Qb3 O-O 20.
Rfd1 Nf5 21. e3 Rxd1+ 22. Rxd1 {1/2-1/2 Matamoros Franco-Sebenik, Bled 2002}) (
{Zwart handhaafde de symmetrie in Hodgson-Arkell met} 11... Nf6 12. Bf4 Rb6 13.
O-O Bf5 14. Rb3 O-O 15. Ne5 Ne4 16. h3 (16. Nxc6 Rxc6 17. Nxb5 Qb6 $15) (16.
Nxe4 dxe4 17. Nxc6 Rxc6 $15) 16... h5 {Verder verwijs ik naar het boek. Zwart
won in 33 zetten.}) 12. Rb3 Be4 13. Bf4 (13. e3 Nf6 14. O-O $11) 13... Rb6 14.
e3 Bxf3 $6 15. Bxf3 $14 {Van Wely-Lautier, Monte Carlo 1997 (60.1-0)}) 11...
Nf6 12. d3 {27'} (12. d4 Bf5 13. Ra1 Ne4 $1 {en zwart staat minstens gelijk.})
12... e5 $1 $146 {32' Dit blijkt nieuw te zijn en het lijkt me ook achteraf de
beste zet. Tot nu toe is alleen 0-0 gespeeld, een zet die ik nauwelijks
overwogen heb wegens Lf4. Ik heb nog wel gekekennaar} (12... d4 {maar dan leek}
13. Ng5 O-O 14. Nd5 Nxd5 15. Bxd5 {me lastig. Zwart heeft echter} Qe8 $1 {
en staat minstens gelijk.}) (12... Bg4 {Dit leek me in eerste instantie heel
goed, maar na} 13. Bf4 Bxf3 14. Bxf3 Nd4 15. Qb2 Nxf3+ 16. exf3 Rb6 ({Sterker
is} 16... Rc8 $1 {maar die heb ik niet gezien. Bijv.} 17. Be5 Qd7 18. O-O O-O {
en zwart kan tevreden zijn.}) 17. Be5 Re6 18. Ne2 {had ik het idee dat wit
iets beter stond. Waarschijnlijk is dat ook zo na bijv.} O-O 19. O-O Qd7 20.
Rfc1) 13. Bg5 {32'} Be6 14. Nd2 {35'} Ne7 {37' De beste zet.} ({Mijn enige
alternatief was} 14... Nd4 15. Qa2 Ra8 16. Qb2 O-O 17. e3 Nc6 18. O-O h6 19.
Bxf6 Bxf6 $13) ({Pion d5 staat echter niet echt in zoals blijkt uit} 14... Rc8
$5 15. Bxf6 $2 (15. Nxb5 O-O $15) 15... Bxf6 16. Nxd5 (16. Bxd5 $2 Nd4 $19)
16... Bg5 $1 $17) 15. Qa3 {45' De dame staat beter op b2, maar misschien wilde
Marc Ta8 uitlokken om dan alsnog naar b2 te gaan, waarna pion b5 ongedekt
staat.} h6 16. Bxf6 Bxf6 17. Nb3 {49'} d4 {40'} 18. Ne4 Bg7 {Hier was ik heel
tevreden. Zwart staat iets beter.} 19. Nbc5 $6 (19. O-O Bd5 20. Rfc1 $15) 19...
Bd5 20. O-O {1.03' over 27'.} Ra8 {44' over 46'.} 21. Qc1 O-O 22. Bh3 $6 {
19' Maar wit heeft het moeilijk. Bijv.} (22. Ra1 f5 23. Nd2 Bxg2 24. Kxg2 Qd5+
25. Kg1 Rxa1 26. Qxa1 Ra8 27. Qb1 Qa2 $17) 22... f5 23. Nd2 Qd6 {40'} 24. Ndb3
{17'} Kh7 {37'} 25. Qc2 {9'} Ra3 {34'} 26. Qb2 Rfa8 27. Ra1 Rxa1 28. Rxa1 Rxa1+
29. Nxa1 Nc6 {De ruil van alle torens heeft de witte verdediging niet verlicht.
Zwart kan dreigingen combineren tegen pion b4 en werken met de opmars e5-e4.}
30. Qa3 {7'} Bf8 {31'} 31. Nc2 {6'} Bf7 {26' Dreigt op b4 te slaan.} ({Vooral
niet} 31... Nxb4 $2 {wegens} 32. Qa7+ Kg8 33. Nxb4 Qxc5 34. Qxc5 Bxc5 35. Nxd5
b4 36. Nxb4 Bxb4 $11) 32. Na6 {5'} e4 {25'} 33. Bg2 Bd5 $6 {24'} ({Veel
sterker was} 33... Qe5 $1 {en wit heeft geen nuttige zetten. Bijv.} 34. Nc5 $2
Bxc5 35. bxc5 b4 $19) 34. Qa1 {4'} (34. Nc5 {was taaier.}) 34... Bg7 {23'} (
34... exd3 35. exd3 Bxg2 36. Kxg2 Ne5 37. Ne1 Qd5+ 38. Kg1 Bd6 $17) 35. Qa3 $6
{2'} (35. Nc5) 35... Qe5 $6 {20'} (35... exd3 $1 36. exd3 (36. Qxd3 Ne5 37.
Qxb5 Bc4 $19) 36... Bxg2 37. Kxg2 Qd5+ 38. Kg1 Qf3 $19) 36. Bf1 $6 {1'} (36.
Nc5) 36... h5 $6 (36... f4 $1) 37. Nc5 Qe7 $6 {15'} (37... exd3 $1 38. Nxd3 Qe4
39. f3 Qe8 40. Qa6 Bc4 $17) 38. e3 exd3 (38... h4 $5) 39. Nxd3 $4 (39. Bxd3 Bc4
40. Bf1 Qd6 $17 {maar wit kan nog vechten.}) 39... Qe4 {en Marc gaf op.
Ondanks dat ik mij niet door Marcs tijdnood heb laten meeslepen heb ik in die
fase toch zwak gespeeld. Het blijft lastig om dan koel concrete varianten uit
te rekenen. Al met al ben ik echter wel tevreden over deze winstpartij na de
vele remises van de laatste twee maanden.} 0-1

[Event "Alteveer-Euwe 31/2-41/2"]
[Site "?"]
[Date "2006.04.22"]
[Round "9"]
[White "Van Prooijen, Jan-Willem"]
[Black "Witt, Rob"]
[Result "0-1"]
[WhiteElo "2026"]
[BlackElo "2247"]
[PlyCount "90"]
[EventDate "2006.04.23"]

{Laatste ronde knsb. Voor beide clubs stond niks meer op het spel. Wij
kampioen en zij veilig. Dat was te merken aan de opstellingen. Wij misten
Gertjan, Tigran, Arne en Marc, maar onze invallers doen het dit jaar goed en
met Piet vd Weide, Helmer, Rob Bödicker, en supersub Rob Ritsema had ik alle
vertrouwen in een positief resultaat. Zeker omdat Alteveer Ron Wagenaar miste
en Van Rappard waarvoor zelfs geen invaller verscheen zodat we met 1-0
voorstonden. Toch werd het nog spannend. Piet speelde snel remise en Helmer
verloor snel door een slechte openingsbehandeling. Ritsema liet zijn mooie
stelling in remise verzanden en Lesman wist een gewonnen stand zelfs nog te
verliezen. Bij een 3-2 achterstand zorgde ik voor de gelijkmaker. Helemaal
overtuigend was het niet. Ik was al aardig bezig een gewonnen eindspel te
verknoeien toen mijn tegenstander plotseling blunderde.} 1. e4 e6 2. d4 d5 3.
Nc3 Bb4 4. e5 c5 5. a3 Bxc3+ 6. bxc3 Ne7 7. a4 {3'. Deze vroeger zo populaire
zet (Fischer!) is volledig verdrongen door Dg4. Toch is deze positionele
behandeling van de Winawer goed speelbaar en bijzonder gecompliceerd omdat
beide partijen over verschillende plannen beschikken zonder dat duidelijk is
wat nou het beste is.} Nbc6 {8'} 8. Nf3 Qa5 9. Bd2 {Recent heeft Paul Janse
het alternatief Dd2 gespeeld tegen Bödicker. Naar aanleiding van die partij
had ik sinds tientallen jaren weer eens naar dit systeem gekeken. Het was me
toen wel opgevallen dat Ld2 populairder was maar toen het boek weer
dichtgeslagen. Ik heb bijv. geen flauw idee wanneer zwart wel of niet c5-c4
moet spelen en of zwart lang of kort moet rokeren.} Qc7 {15' Dit blijkt al
minder gebruikelijk. Mijn overweging was dat Ld7 middchien tempoverlies was
als wit c4 speelt en cxd5. Mijn loper kan dan beter naar een verdergelegen
veld. Allemaal onzin, want na cxd5 slaat zwart altijd met het paard terug. Nu
ik wat oude partijen van o.a. Kortchnoi zie, komt het allemaal weer boven.} (
9... Bd7) 10. Bd3 {13'} Bd7 11. O-O c4 {21'} 12. Be2 f6 13. Re1 {20'} (13. exf6
gxf6 {is het alternatief. zwart rokeert dan lang.}) ({Een andere mogelijkheid
is} 13. Bf4 {In de volgende partij van Franskenner Dgebuadze komt dezelfde
structuur op het bord als in mijn partij.} Ng6 14. Bg3 fxe5 15. Nxe5 Ngxe5 16.
Qd2 O-O 17. dxe5 Be8 18. Bg4 Qd7 19. f4 Bg6 20. Bf2 b6 21. Bd4 Qf7 22. Rf2 Be4
23. Qe2 h6 24. g3 Rad8 25. Raf1 Qg6 26. Bh5 Qh7 27. Bg4 Rde8 28. Qd2 Re7 29.
Qe2 Bf5 30. Bxf5 Qxf5 31. g4 Qg6 32. Rg2 Qe8 33. f5 Ref7 34. Qe3 Nxd4 35. cxd4
exf5 36. gxf5 Rxf5 37. Rxf5 Rxf5 38. Qxh6 Qf7 39. Qc1 Rf3 40. Qe1 Qf4 41. c3
Re3 42. Qd2 Qe4 43. Rf2 Re1+ 44. Rf1 Rxf1+ 45. Kxf1 Qh1+ 46. Ke2 Qxh2+ 47. Kd1
Qxd2+ 48. Kxd2 Kf7 49. Ke3 Ke6 50. Kf4 g6 51. Kf3 Kf5 52. Ke3 g5 {0-1 Moreno
Carnero,J-Dgebuadze,A/France 2002/EXT 2003}) 13... O-O {25'} ({Nauwkeuriger was
} 13... fxe5 14. dxe5 ({Beter lijkt me} 14. Nxe5 Nxe5 15. dxe5 O-O 16. Bg4 $13)
14... O-O 15. Bf1 Rf5 $15 {Barlov-Donchev, Hallsberg 1975 (43.1/2-1/2)}) 14.
Bf1 fxe5 {33'} 15. Nxe5 {27'} Nxe5 16. dxe5 {35'} ({Ik verwachtte het betere} 
16. Rxe5 {maar mijn tegenstande r zei naderhand dat het in deze stelling
belangrijk was om een pion op e5 te hebben. Ik betwijfel dat.} Ng6 {en ik denk
dat het ongeveer gelijk staat, ongeacht waar de witte toren heen gaat.}) 16...
Be8 {48'} 17. g3 {48'} Bg6 18. f4 {55'} Qa5 {1.04' Om te voorkomen dat wit
snel zijn loper omspeelt naar d4. Misschien waren hier betere plannen, bijv.
zoals Dgebuadze speelde.} ({Ik keek ook naar} 18... Be4 {maar was een beetje
bang voor gerommel met} 19. Rxe4 dxe4 20. Qe1 Rad8 21. Bg2 {en wit heeft
ongetwijfeld compensatie, al is het de vraag of het voldoende is.}) 19. Qb1 {
1.00} b6 20. Ra2 $6 {Nog 54' Wit dekt zijn c-pion om op dameruil te kunnen
spelen. Daar had ik geen enkel bezwaar tegen.} Bf5 {Nog 45' Ik wilde niet
lastiggevallen worden door Lh3. Mijn loper oefent een prettige druk uit op
pion c2.} 21. Qb5 {51'} Rac8 $6 (21... Rab8 {is natuurlijk beter, maar ik
wilde hem verleiden op a5 te slaan in de veronderstelling dat dat goed voor
mij was.}) 22. Qxa5 bxa5 23. Rb1 Rb8 24. Rab2 $2 {43' Nu krijgt zwart zijn zin.
} ({Wit heeft hier een beter plan wat we beiden niet gezien hebben.} 24. Rb5
Nc6 25. Bg2 $1 {met het idee} (25. Rab2 a6 26. Rb6 Rxb6 27. Rxb6 Rc8 {gevolgd
door Lxc2 is ook beter voor zwart.}) 25... a6 $6 ({beter is} 25... Rfc8 26. Kf2
a6 27. Rxb8 Rxb8 28. Bf3 $14) 26. Rxd5 $1 exd5 27. Bxd5+ Kh8 28. Bxc6 $14)
24... Nc6 25. Be3 {40'} Bxc2 {38' Wit zei achteraf dat hij dit wel had zien
aankomen, maar hij dacht dat hij voldoende tegenkansen zou krijgen met Lh3 en
f5.} 26. Rxb8 Rxb8 27. Rxb8+ Nxb8 28. Bh3 {37'} Kf7 29. Bxa7 Nc6 30. Bb6 g6 {
37' M.i. een goede zet. Ik begrijp niet waarom Fritz de voorkeur geeft aan} (
30... Bxa4 31. f5 exf5 32. Bxf5 Nxe5 33. Bxa5 g6 34. Bc7 Kf6 35. Bc8 {Dit
lijkt me moeilijk te winnen als het al te winnen valt.}) 31. g4 $2 {32' dit
heeft weinig zin. f5 is geen dreiging en zwart krijgt mogelijkheden met g6-g5.}
({Beter was} 31. Kf2 {maar ook dan denk ik dat zwart kan winnen.}) 31... Bxa4 (
{Ik heb hier niet gekeken naar direct} 31... g5 $1 {Het lijkt bijzo nder sterk.
Ik dacht echter dat ik een duidelijk winstplan had met mijn a-pion.}) 32. Kf2 {
28'} Bc2 33. Ke3 a4 34. Bc5 {25'} Bd3 {34' Ik dacht dat het eindspel
makkeliijk won en begin wat slordig te spelen. Nauwkeuriger was} (34... Bb1 $1
35. Kd2 ({Op} 35. Bf1 {wint het plan van de partij makkelijk omdat zwart een
tempo meer heeft.}) 35... g5 $1 {en wit heeft geen afdoende verdediging meer.})
35. Bg2 Na7 $1 {31' Het winnende plan.} 36. Kd2 {17'} Nb5 37. Bb4 {15'} a3 {28'
} 38. Kc1 a2 $2 ({Direct winnend was} 38... d4 $1 39. cxd4 c3 {Simpel
eigenlijk. Ik dacht dat mijn methode makkelijk won en onder het motto van :
"wie een mat in vier ziet, zoekt niet naar een mat in twee", keek ik niet naar
andere mogelijkheden.}) 39. Kb2 Bb1 40. Bf1 {10'} d4 $2 {23' Dit geeft bijna
de winst uit handen. Wit kan toch niks doen. Aangewezen en een simpele winst
was om het paard weer om te spelen naar c6. Bijv.} (40... Na7 41. Be2 (41. g5
$2 Nc6 {en Lb4 kan niet weg wegens Pa5-b3.}) 41... Nc6 42. Bc5 g5 $1 43. fxg5
Nxe5 44. Bd6 Nc6 45. h4 e5 46. Bc7 Nb4 $19) 41. Bxc4 {Ik had eigenlijk
overgave verwacht. Maar nu zag ik ineens dat het helemaal niet duidelijk was.}
dxc3+ 42. Ka1 Nd4 43. Bxa2 {Dit had ik in de vooruitberekening gemist. Heel
genant.} c2 44. Ba3 $4 {Na 8' nadenken deze blunder.} ({Noodzakelijk was} 44.
Bd2 {En het is maar de vraag of zwart kan winnen. Ik weet niet wat nu het
beste is. Misschien} Nf3 ({Kansrijk lijkt ook} 44... g5 $5 {maar na} 45. Bc4 $5
{Die moet je ook maar zien te vinden.} (45. Bxb1 $2 Nb3+ 46. Kb2 cxb1=Q+ 47.
Kxb1 Nxd2+ {met winst.}) (45. fxg5 Bxa2 46. Kxa2 Nf3 47. Be3 Nxe5 {wint
waarschijnlijk.}) 45... Nf3 46. Bc1 gxf4 47. Bxf4 Nxe5 48. Be2 {en ik denk
niet dat zwart kan winnen.}) 45. Bc1 Bxa2 46. Kxa2 g5 (46... Nxh2 47. g5 {
is remise.}) 47. h3 gxf4 48. Kb2 (48. Bxf4 $2 Nxe5 $19) 48... Nxe5 49. Kxc2 Ng6
50. Kd3 Kf6 51. Ke4 Kg5 52. Kf3 Kh4 53. Kg2 e5 $17 {maar misschien is het niet
gewonnen.}) 44... Bxa2 45. Kxa2 Ne2 {Daarmee was de stand 3-3. Rob Bödicker
heeft volgens mij een goede partij gespeeld en zorgde voor 4-3. Juan tenslotte
stond in een spannend eindspel ineens een stuk voor tegen twee pionnen.
Sommigen dachten dat hij had kunnen winnen, maar het werd uiteindelijk remise,
41/2-31/2 dus, waarmee een goed seizoen waardig beëindigd werd.} 0-1